[Event "43. Olimpiada Batumi 2018 Femenina"]
[Site "Batumi GEO"]
[Date "2018.10.01"]
[Round "7.1"]
[White "Hoshino, Karen"]
[Black "Liu, Yang Hazel"]
[Result "1/2-1/2"]
[WhiteElo "1945"]
[BlackElo "2064"]
[PlyCount "67"]
[EventDate "2018.09.24"]
[EventType "team-swiss"]
[EventRounds "11"]
[EventCountry "GEO"]
[SourceTitle "Ajedrez en Madrid"]
[Source "lmi"]
[SourceDate "2018.09.24"]
[WhiteTeam "Japan"]
[BlackTeam "Singapore"]
[WhiteTeamCountry "JPN"]
[BlackTeamCountry "SIN"]

1. d4 Nf6 2. c4 e6 3. Nc3 c5 4. d5 exd5 5. cxd5 d6 6. e4 g6 7. Bd3 Bg7 8. h3 a6
9. a4 Nbd7 10. Nf3 Nh5 11. Bg5 Bf6 12. Be3 Ne5 13. Be2 Ng7 14. O-O Nxf3+ 15.
Bxf3 O-O 16. Qd2 Re8 17. Rfe1 Rb8 18. Bf4 b5 19. axb5 axb5 20. Qd3 b4 21. Nd1
Bd4 22. Qd2 f5 23. Bg5 Bf6 24. h4 Bxg5 25. hxg5 fxe4 26. Rxe4 Rxe4 27. Bxe4 Bf5
28. Bf3 Ra8 29. Rxa8 Qxa8 30. Ne3 Bd7 31. Bg4 Qc8 32. Bxd7 Qxd7 33. Qe2 Qe7 34.
Qg4 1/2-1/2

[Event "43. Olimpiada Batumi 2018 Femenina"]
[Site "Batumi GEO"]
[Date "2018.10.01"]
[Round "7.2"]
[White "Hng, Mei-En Emmanuelle"]
[Black "Sakai, Azumi"]
[Result "1-0"]
[WhiteElo "2020"]
[BlackElo "1713"]
[PlyCount "73"]
[EventDate "2018.09.24"]
[EventType "team-swiss"]
[EventRounds "11"]
[EventCountry "GEO"]
[SourceTitle "Ajedrez en Madrid"]
[Source "lmi"]
[SourceDate "2018.09.24"]
[WhiteTeam "Singapore"]
[BlackTeam "Japan"]
[WhiteTeamCountry "SIN"]
[BlackTeamCountry "JPN"]

1. Nf3 d5 2. c4 d4 3. d3 c5 4. g3 Nc6 5. Bg2 e5 6. O-O Be7 7. a3 h6 8. b4 cxb4
9. axb4 Bxb4 10. Nxe5 Nge7 11. Qa4 Qb6 12. Nxc6 Nxc6 13. Ba3 Bxa3 14. Qxa3 Nb4
15. Nd2 Nc6 16. Rfb1 Qc7 17. Ne4 b6 18. Nd6+ Kd8 19. Bxc6 Qxc6 20. Nxf7+ Kc7
21. Qe7+ Bd7 22. Qe5+ Kb7 23. Nxh8 Rxh8 24. Qxd4 Re8 25. e4 g5 26. Ra5 Kb8 27.
Rd5 Bh3 28. Rd8+ Kb7 29. Qg7+ Qc7 30. Qxc7+ Kxc7 31. Rxe8 a5 32. Rh8 a4 33.
Rxh6 Bg4 34. Ra1 Be2 35. Rxa4 Bxd3 36. Ra7+ Kb8 37. Rg7 1-0

[Event "43. Olimpiada Batumi 2018 Femenina"]
[Site "Batumi GEO"]
[Date "2018.10.01"]
[Round "7.3"]
[White "Kojima, Natsumi"]
[Black "Siew, Kai Xin"]
[Result "1/2-1/2"]
[WhiteElo "1655"]
[BlackElo "1751"]
[PlyCount "83"]
[EventDate "2018.09.24"]
[EventType "team-swiss"]
[EventRounds "11"]
[EventCountry "GEO"]
[SourceTitle "Ajedrez en Madrid"]
[Source "lmi"]
[SourceDate "2018.09.24"]
[WhiteTeam "Japan"]
[BlackTeam "Singapore"]
[WhiteTeamCountry "JPN"]
[BlackTeamCountry "SIN"]

1. e4 c5 2. Nf3 Nc6 3. Bb5 g6 4. O-O Bg7 5. Re1 d6 6. c3 Qb6 7. Bf1 e6 8. Na3
e5 9. Nc4 Qc7 10. a4 Nge7 11. d3 O-O 12. Bd2 h6 13. h3 Kh7 14. Be3 f5 15. exf5
gxf5 16. d4 e4 17. dxc5 d5 18. Nd4 Nxd4 19. Bxd4 dxc4 20. Bxg7 Kxg7 21. Qd4+
Kh7 22. Bxc4 Nc6 23. Qd6 Qxd6 24. cxd6 Bd7 25. Rad1 Rf6 26. b4 Ne5 27. Bb3 Nd3
28. Rxd3 Bxa4 29. Bxa4 exd3 30. Re7+ Kg6 31. d7 d2 32. Re8 Rf8 33. Re3 b5 34.
Bb3 d1=Q+ 35. Bxd1 Rad8 36. Be2 Rxd7 37. Bxb5 Rb7 38. c4 Rf6 39. Be8+ Kg7 40.
b5 Rc7 41. Bc6 Rd6 42. Bd5 1/2-1/2

[Event "43. Olimpiada Batumi 2018 Femenina"]
[Site "Batumi GEO"]
[Date "2018.10.01"]
[Round "7.4"]
[White "Hng, Mei-Xian Eunice"]
[Black "Shibata, Misaki"]
[Result "1-0"]
[WhiteElo "1687"]
[BlackElo "1605"]
[PlyCount "71"]
[EventDate "2018.09.24"]
[EventType "team-swiss"]
[EventRounds "11"]
[EventCountry "GEO"]
[SourceTitle "Ajedrez en Madrid"]
[Source "lmi"]
[SourceDate "2018.09.24"]
[WhiteTeam "Singapore"]
[BlackTeam "Japan"]
[WhiteTeamCountry "SIN"]
[BlackTeamCountry "JPN"]

1. e4 e6 2. d4 d5 3. Nc3 Nf6 4. Bg5 dxe4 5. Nxe4 Be7 6. Nxf6+ Bxf6 7. Bxf6 Qxf6
8. c3 Bd7 9. Bd3 Bc6 10. Qg4 Nd7 11. Nf3 h6 12. h4 O-O-O 13. O-O-O Kb8 14. Rhe1
Rhe8 15. Be4 Bxe4 16. Rxe4 Nb6 17. Rf4 h5 18. Qg5 Qxg5 19. hxg5 Re7 20. Ne5 Rf8
21. Ng6 Ree8 22. Nxf8 Rxf8 23. g6 f5 24. Rh4 Rf6 25. Rxh5 Kc8 26. Rg5 Nd5 27.
Rh1 Nf4 28. Rh7 Nxg6 29. Rxg7 Nf4 30. Rh7 Rg6 31. Rxg6 Nxg6 32. g3 Kd8 33. Kd2
Ne7 34. c4 Kd7 35. Ke3 Kd8 36. Kf4 1-0

[Event "43. Olimpiada Batumi 2018 Femenina"]
[Site "Batumi GEO"]
[Date "2018.10.01"]
[Round "7.1"]
[White "Arakhamia-Grant, Ketevan"]
[Black "Charinda, Kudzanayi"]
[Result "1-0"]
[WhiteElo "2345"]
[BlackElo "1718"]
[PlyCount "93"]
[EventDate "2018.09.24"]
[EventType "team-swiss"]
[EventRounds "11"]
[EventCountry "GEO"]
[SourceTitle "Ajedrez en Madrid"]
[Source "lmi"]
[SourceDate "2018.09.24"]
[WhiteTeam "Scotland"]
[BlackTeam "Zimbabwe"]
[WhiteTeamCountry "SCO"]
[BlackTeamCountry "ZIM"]

1. e4 c5 2. Nc3 d6 3. g3 Nf6 4. Bg2 a6 5. d3 e6 6. f4 Nc6 7. Nge2 Be7 8. O-O
Qc7 9. Kh1 O-O 10. Be3 Rb8 11. d4 cxd4 12. Nxd4 Nxd4 13. Bxd4 e5 14. Ba7 Ra8
15. Bg1 b5 16. a3 Bb7 17. f5 Rac8 18. g4 g5 19. Be3 h6 20. h4 Ne8 21. Qd2 f6
22. Nd5 Bxd5 23. Qxd5+ Kh7 24. Rf2 Ng7 25. Raf1 Qc6 26. Qd2 Ne8 27. Bf3 Kg7 28.
Rh2 Rh8 29. Rd1 Qc4 30. Qg2 Qc7 31. c3 Qc4 32. Rd2 Qc6 33. Bd1 Nc7 34. Bb3 Rcd8
35. Qf3 a5 36. Rh3 Rh7 37. Kg1 Rb8 38. Rdh2 b4 39. cxb4 axb4 40. a4 Na6 41.
hxg5 fxg5 42. f6+ Bxf6 43. Rxh6 Rxh6 44. Rxh6 d5 45. Bxd5 Qd6 46. Bxg5 Rf8 47.
Qh3 1-0

[Event "43. Olimpiada Batumi 2018 Femenina"]
[Site "Batumi GEO"]
[Date "2018.10.01"]
[Round "7.2"]
[White "Makwena, Christine"]
[Black "Giulian, Rosemary A"]
[Result "0-1"]
[WhiteElo "1626"]
[BlackElo "1924"]
[PlyCount "142"]
[EventDate "2018.09.24"]
[EventType "team-swiss"]
[EventRounds "11"]
[EventCountry "GEO"]
[SourceTitle "Ajedrez en Madrid"]
[Source "lmi"]
[SourceDate "2018.09.24"]
[WhiteTeam "Zimbabwe"]
[BlackTeam "Scotland"]
[WhiteTeamCountry "ZIM"]
[BlackTeamCountry "SCO"]

1. d4 e6 2. c4 Nf6 3. Nf3 Bb4+ 4. Bd2 a5 5. a3 Bxd2+ 6. Nbxd2 d5 7. e3 O-O 8.
Bd3 b6 9. cxd5 exd5 10. Qc2 Ba6 11. O-O Re8 12. Rac1 Bxd3 13. Qxd3 Nbd7 14.
Rfd1 Ne4 15. b4 axb4 16. axb4 Ndf6 17. h3 Qe7 18. Qb5 Rad8 19. Ne5 Nd6 20. Qa4
Ra8 21. Qc2 Rec8 22. Nc6 Qe6 23. Nf3 Nfe4 24. Nd2 Nxd2 25. Rxd2 Nc4 26. b5 Nxd2
27. Qxd2 f6 28. Qd3 Re8 29. Qb3 Qd7 30. Re1 Kh8 31. Qd3 Qd6 32. Qf5 g6 33. Qf3
Kg7 34. h4 Ra2 35. Rb1 Ra4 36. g3 Rea8 37. Qd1 h5 38. Kg2 Qa3 39. Qf3 Qd3 40.
Rc1 Qe4 41. Qxe4 dxe4 42. Ne7 R4a7 43. Nd5 Kf7 44. Rc6 f5 45. Rf6+ Kg7 46. Rc6
Ra1 47. Rxc7+ Kf8 48. Nf4 Rb1 49. Nxg6+ Ke8 50. Nf4 Raa1 51. Nh3 Rxb5 52. Rh7
Raa5 53. Rxh5 Rb2 54. Rg5 f4 55. Rxa5 f3+ 56. Kg1 bxa5 57. Ng5 a4 58. Nxe4 Rb1+
59. Kh2 Rf1 60. g4 a3 61. Kg3 a2 62. Nd2 Rg1+ 63. Kf4 a1=Q 64. Nxf3 Rf1 65. Ne5
Rxf2+ 66. Kg5 Qc1 67. Kh5 Qxe3 68. g5 Qxd4 69. Ng6 Ra2 70. Kh6 Ra6 71. h5 Qh8#
0-1

[Event "43. Olimpiada Batumi 2018 Femenina"]
[Site "Batumi GEO"]
[Date "2018.10.01"]
[Round "7.3"]
[White "Espinosa Cancino, Monica"]
[Black "Zengeni, Paidaishe"]
[Result "1-0"]
[WhiteElo "1655"]
[BlackElo "1528"]
[PlyCount "55"]
[EventDate "2018.09.24"]
[EventType "team-swiss"]
[EventRounds "11"]
[EventCountry "GEO"]
[SourceTitle "Ajedrez en Madrid"]
[Source "lmi"]
[SourceDate "2018.09.24"]
[WhiteTeam "Scotland"]
[BlackTeam "Zimbabwe"]
[WhiteTeamCountry "SCO"]
[BlackTeamCountry "ZIM"]

1. Nf3 Nf6 2. d4 c5 3. d5 d6 4. c4 e6 5. Nc3 exd5 6. cxd5 Be7 7. e3 a6 8. a4
Bg4 9. Be2 Nbd7 10. O-O O-O 11. b3 Rb8 12. Bb2 Bxf3 13. gxf3 Ne5 14. Kh1 h5 15.
Rg1 Qd7 16. Ne4 Kh8 17. Nxf6 Bxf6 18. f4 Ng6 19. Bxf6 gxf6 20. Bxh5 Rg8 21. Bg4
Qe8 22. Qf3 Rg7 23. Bf5 b5 24. a5 c4 25. b4 Rh7 26. Qe2 Rh6 27. Qb2 Nh4 28. Bc2
1-0

[Event "43. Olimpiada Batumi 2018 Femenina"]
[Site "Batumi GEO"]
[Date "2018.10.01"]
[Round "7.4"]
[White "Nomalungelo, Mathe"]
[Black "Reid, Caitlin"]
[Result "1-0"]
[WhiteElo "1577"]
[BlackElo "1488"]
[PlyCount "87"]
[EventDate "2018.09.24"]
[EventType "team-swiss"]
[EventRounds "11"]
[EventCountry "GEO"]
[SourceTitle "Ajedrez en Madrid"]
[Source "lmi"]
[SourceDate "2018.09.24"]
[WhiteTeam "Zimbabwe"]
[BlackTeam "Scotland"]
[WhiteTeamCountry "ZIM"]
[BlackTeamCountry "SCO"]

1. d4 Nf6 2. Bf4 d6 3. e3 g6 4. Bd3 Bg7 5. Nd2 Nbd7 6. Ngf3 b6 7. c3 Bb7 8. Qc2
O-O 9. e4 e5 10. dxe5 Nh5 11. Bg5 Qe8 12. exd6 cxd6 13. O-O Ne5 14. Nxe5 dxe5
15. Rad1 Nf4 16. Bxf4 exf4 17. Rfe1 Rd8 18. f3 Qd7 19. Nb3 Rfe8 20. Rd2 g5 21.
Red1 Qc7 22. Bb5 Rxd2 23. Rxd2 Re5 24. Rd7 Qc8 25. Qd3 Bf6 26. Bc4 Be7 27. Qd4
b5 28. Bxb5 Rxb5 29. Rxe7 Ba6 30. Qxa7 Qd8 31. Qd7 Qb6+ 32. Qd4 Qxd4+ 33. cxd4
Rb4 34. Rc7 Bc4 35. d5 Kf8 36. Kf2 f5 37. d6 fxe4 38. fxe4 h5 39. Rc5 g4 40.
Rxh5 Be6 41. e5 Re4 42. Nc5 g3+ 43. hxg3 fxg3+ 44. Kxg3 1-0

[Event "43. Olimpiada Batumi 2018 Femenina"]
[Site "Batumi GEO"]
[Date "2018.10.01"]
[Round "7.1"]
[White "Cordero, Daniela"]
[Black "Rodriguez Arrieta, Maria Elena"]
[Result "1/2-1/2"]
[WhiteElo "2082"]
[BlackElo "1943"]
[PlyCount "97"]
[EventDate "2018.09.24"]
[EventType "team-swiss"]
[EventRounds "11"]
[EventCountry "GEO"]
[SourceTitle "Ajedrez en Madrid"]
[Source "lmi"]
[SourceDate "2018.09.24"]
[WhiteTeam "Bolivia"]
[BlackTeam "Costa Rica"]
[WhiteTeamCountry "BOL"]
[BlackTeamCountry "CRI"]

1. d4 Nf6 2. Nf3 e6 3. e3 b6 4. Bd3 Bb7 5. O-O Be7 6. c4 d6 7. Nc3 Nbd7 8. e4
e5 9. h3 O-O 10. Be3 Re8 11. dxe5 dxe5 12. Qc2 c6 13. Rad1 Qc7 14. Na4 Nf8 15.
c5 b5 16. Nc3 a5 17. a3 a4 18. Rd2 Ne6 19. Ne2 Nd7 20. Rfd1 Ndxc5 21. Qc3 Nb3
22. Rc2 Bc5 23. Nxe5 Bxe3 24. fxe3 Nec5 25. Nf3 Nxe4 26. Bxe4 Rxe4 27. Ned4
Nxd4 28. Nxd4 Qg3 29. Nf5 Qg5 30. Rf2 Rf8 31. Qc5 h6 32. Rd7 Bc8 33. Ne7+ Kh7
34. Qxg5 hxg5 35. Nxc8 Rxc8 36. Rfxf7 Rxe3 37. Rxg7+ Kh6 38. Rge7 Rxe7 39. Rxe7
Kg6 40. Re5 c5 41. Re6+ Kh5 42. Rb6 b4 43. Kh2 g4 44. hxg4+ Kxg4 45. axb4 c4
46. Ra6 a3 47. Rxa3 Rb8 48. Ra4 Rb5 49. g3 1/2-1/2

[Event "43. Olimpiada Batumi 2018 Femenina"]
[Site "Batumi GEO"]
[Date "2018.10.01"]
[Round "7.2"]
[White "Gamboa Alvarado, Olga Leticia"]
[Black "Ramirez, Maria Eugenia"]
[Result "1/2-1/2"]
[WhiteElo "1869"]
[BlackElo "2052"]
[PlyCount "126"]
[EventDate "2018.09.24"]
[EventType "team-swiss"]
[EventRounds "11"]
[EventCountry "GEO"]
[SourceTitle "Ajedrez en Madrid"]
[Source "lmi"]
[SourceDate "2018.09.24"]
[WhiteTeam "Costa Rica"]
[BlackTeam "Bolivia"]
[WhiteTeamCountry "CRI"]
[BlackTeamCountry "BOL"]

1. d4 Nf6 2. c4 e6 3. Nf3 b6 4. e3 Be7 5. Bd3 Bb7 6. O-O O-O 7. Nc3 c5 8. Re1
a6 9. b3 d5 10. Bb2 dxc4 11. bxc4 Ra7 12. Ne5 Nc6 13. Nxc6 Bxc6 14. a4 Rd7 15.
Ne2 Qa8 16. f3 Rfd8 17. Qb3 Bd6 18. Rf1 Qb8 19. g3 h5 20. d5 exd5 21. Bxf6 gxf6
22. Bf5 dxc4 23. Qxc4 Re7 24. Rad1 Re5 25. e4 b5 26. Qc1 Bf8 27. Qf4 Bg7 28.
Qh4 Rxd1 29. Rxd1 Rxf5 30. exf5 Bxf3 31. Rd2 Bh6 32. Nf4 Qe5 33. Qh3 Bg4 34.
Qf1 Qe3+ 35. Qf2 Qxf2+ 36. Kxf2 b4 37. Rd8+ Kh7 38. Nd3 c4 39. Nxb4 a5 40. Nd5
Bxf5 41. Ne3 c3 42. Rd5 c2 43. Rc5 Bf8 44. Rc4 Bd3 45. Rc8 Bd6 46. Nxc2 h4 47.
Ne3 hxg3+ 48. hxg3 Be4 49. Rd8 Bc5 50. Rc8 Bb4 51. Rc4 f5 52. g4 Kg6 53. gxf5+
Bxf5 54. Nxf5 Kxf5 55. Kf3 Ke5 56. Re4+ Kd5 57. Re8 Kc4 58. Rb8 Kb3 59. Rb7 f6
60. Rb6 Kxa4 61. Rxf6 Kb3 62. Ra6 a4 63. Rxa4 Kxa4 1/2-1/2

[Event "43. Olimpiada Batumi 2018 Femenina"]
[Site "Batumi GEO"]
[Date "2018.10.01"]
[Round "7.3"]
[White "Monroy G., Nataly A"]
[Black "Salazar Gould, Melanie"]
[Result "0-1"]
[WhiteElo "1961"]
[BlackElo "1926"]
[PlyCount "74"]
[EventDate "2018.09.24"]
[EventType "team-swiss"]
[EventRounds "11"]
[EventCountry "GEO"]
[SourceTitle "Ajedrez en Madrid"]
[Source "lmi"]
[SourceDate "2018.09.24"]
[WhiteTeam "Bolivia"]
[BlackTeam "Costa Rica"]
[WhiteTeamCountry "BOL"]
[BlackTeamCountry "CRI"]

1. d4 e6 2. c4 d5 3. Nf3 c6 4. Nc3 f5 5. Bf4 Nf6 6. e3 Bd6 7. Ne5 O-O 8. Be2
Ne4 9. h4 Nd7 10. Nxe4 Bxe5 11. Bg5 Qa5+ 12. Nc3 Bf6 13. a3 Qd8 14. f4 dxc4 15.
Bxc4 Nb6 16. Bb3 Nd5 17. Qd3 h6 18. Bxf6 Qxf6 19. O-O-O b5 20. g3 a5 21. e4 b4
22. Nxd5 cxd5 23. e5 Qe7 24. Ba4 Ba6 25. Qe3 Rfc8+ 26. Kb1 bxa3 27. b3 Qb7 28.
Rc1 Rab8 29. Ka2 Bc4 30. Ka1 Bb5 31. Bxb5 Qxb5 32. Ka2 a4 33. Rxc8+ Rxc8 34.
Rb1 Rc2+ 35. Kxa3 axb3 36. Qxb3 Qa5+ 37. Qa4 Ra2+ 0-1

[Event "43. Olimpiada Batumi 2018 Femenina"]
[Site "Batumi GEO"]
[Date "2018.10.01"]
[Round "7.4"]
[White "Morera Campos, Yanori Maria"]
[Black "Mendoza, Samantha"]
[Result "1-0"]
[WhiteElo "1907"]
[BlackElo "1763"]
[PlyCount "55"]
[EventDate "2018.09.24"]
[EventType "team-swiss"]
[EventRounds "11"]
[EventCountry "GEO"]
[SourceTitle "Ajedrez en Madrid"]
[Source "lmi"]
[SourceDate "2018.09.24"]
[WhiteTeam "Costa Rica"]
[BlackTeam "Bolivia"]
[WhiteTeamCountry "CRI"]
[BlackTeamCountry "BOL"]

1. e4 e5 2. Nf3 Nf6 3. Nxe5 d6 4. Nf3 Nxe4 5. Nc3 Nf6 6. d4 Be7 7. Bd3 O-O 8.
h3 Re8 9. Be3 b6 10. Qd2 Bb7 11. O-O-O Nbd7 12. Kb1 Bf8 13. Bg5 h6 14. h4 hxg5
15. hxg5 Ne4 16. Nxe4 Rxe4 17. Bxe4 Bxe4 18. Qf4 Bg6 19. Qh2 f6 20. Nh4 Qe8 21.
Rde1 Qf7 22. Nf5 Bh5 23. g4 fxg5 24. Ng3 g6 25. gxh5 gxh5 26. Nxh5 Bg7 27. Qg2
Qg6 28. Qxa8+ 1-0

[Event "43. Olimpiada Batumi 2018 Femenina"]
[Site "Batumi GEO"]
[Date "2018.10.01"]
[Round "7.1"]
[White "Nabaa, Sami Abbas Al-Attra"]
[Black "Punsalan, Vyanla M"]
[Result "0-1"]
[WhiteElo "1831"]
[BlackElo "1932"]
[PlyCount "78"]
[EventDate "2018.09.24"]
[EventType "team-swiss"]
[EventRounds "11"]
[EventCountry "GEO"]
[SourceTitle "Ajedrez en Madrid"]
[Source "lmi"]
[SourceDate "2018.09.24"]
[WhiteTeam "Iraq"]
[BlackTeam "New Zealand"]
[WhiteTeamCountry "IRQ"]
[BlackTeamCountry "NZL"]

1. d4 f5 2. g3 g6 3. Bg2 Nf6 4. Nf3 d6 5. c4 Bg7 6. Nc3 O-O 7. O-O Qe8 8. Re1
h6 9. Qc2 Qf7 10. b3 Nc6 11. Bb2 g5 12. Rad1 f4 13. d5 Ne5 14. Rf1 Qh5 15. Qd2
Bh3 16. Nxe5 dxe5 17. Ne4 Nxe4 18. Bxe4 Bxf1 19. Rxf1 g4 20. gxf4 Rxf4 21. Bg2
Raf8 22. Qe3 Bf6 23. f3 Rf7 24. fxg4 Qxg4 25. Qg3 Rxf1+ 26. Bxf1 Qxg3+ 27. hxg3
e4 28. Bc1 Bg5 29. Bxg5 hxg5 30. Bh3 Kg7 31. Bg2 e3 32. Bf3 Kf6 33. Kg2 Ke5 34.
Bh5 Rf2+ 35. Kh3 Kd4 36. Kg4 Rxe2 37. Kxg5 Rxa2 38. Kf5 e2 39. Bxe2 Rxe2 0-1

[Event "43. Olimpiada Batumi 2018 Femenina"]
[Site "Batumi GEO"]
[Date "2018.10.01"]
[Round "7.2"]
[White "Zhang, Jasmine Haomo"]
[Black "A-Ali, Sali Abbas Abdulzah"]
[Result "0-1"]
[WhiteElo "1899"]
[BlackElo "1848"]
[PlyCount "118"]
[EventDate "2018.09.24"]
[EventType "team-swiss"]
[EventRounds "11"]
[EventCountry "GEO"]
[SourceTitle "Ajedrez en Madrid"]
[Source "lmi"]
[SourceDate "2018.09.24"]
[WhiteTeam "New Zealand"]
[BlackTeam "Iraq"]
[WhiteTeamCountry "NZL"]
[BlackTeamCountry "IRQ"]

1. d4 d5 2. Bf4 Nf6 3. e3 e6 4. Nf3 Bd6 5. Bg3 O-O 6. Bd3 b6 7. c3 Ba6 8. Qe2
Bxd3 9. Qxd3 c5 10. Nbd2 Nc6 11. Ne5 Qc7 12. f4 Rfb8 13. O-O b5 14. Bh4 Ne8 15.
Nxc6 Qxc6 16. f5 e5 17. f6 e4 18. Qe2 g6 19. dxc5 Qxc5 20. Nb3 Qc7 21. h3 a5
22. Rac1 Qc4 23. Qg4 Bf8 24. Rf2 Qc8 25. Qg5 Nc7 26. Nd4 h6 27. Qg3 Ne6 28. Nf5
Kh7 29. Ne7 Qb7 30. Qg4 Nc5 31. Rcf1 Nd3 32. Re2 b4 33. Rc2 b3 34. axb3 Qxb3
35. Re2 Nxb2 36. Bg3 Rb7 37. Rb1 Qa2 38. Rc1 Bxe7 39. fxe7 Rxe7 40. Bd6 Re6 41.
Qf4 Ra7 42. Bf8 g5 43. Qf2 Rb7 44. Rcc2 Kg8 45. Bc5 Qc4 46. Bd4 Nd3 47. Qf5
Rb1+ 48. Kh2 Qc7+ 49. g3 Ne1 50. Rf2 Nxc2 51. Rxc2 Qb7 52. Qf2 a4 53. c4 dxc4
54. Rxc4 Qa6 55. Qc2 Rb8 56. Rxa4 Qd3 57. Qg2 Rc6 58. Ra2 Rbc8 59. Rd2 Rc2 0-1

[Event "43. Olimpiada Batumi 2018 Femenina"]
[Site "Batumi GEO"]
[Date "2018.10.01"]
[Round "7.3"]
[White "Al-Fayyadh, Yamama Asif Abdula"]
[Black "Qin, Nicole Shu Yu"]
[Result "1/2-1/2"]
[WhiteElo "1604"]
[BlackElo "1790"]
[PlyCount "83"]
[EventDate "2018.09.24"]
[EventType "team-swiss"]
[EventRounds "11"]
[EventCountry "GEO"]
[SourceTitle "Ajedrez en Madrid"]
[Source "lmi"]
[SourceDate "2018.09.24"]
[WhiteTeam "Iraq"]
[BlackTeam "New Zealand"]
[WhiteTeamCountry "IRQ"]
[BlackTeamCountry "NZL"]

1. e4 e6 2. d3 d5 3. Nd2 c5 4. g3 Nc6 5. Bg2 g6 6. Ngf3 Bg7 7. c3 Nge7 8. O-O
O-O 9. Re1 b6 10. e5 Qc7 11. d4 cxd4 12. cxd4 Nb4 13. Re3 Qc2 14. Re1 Ba6 15.
Nf1 Rac8 16. Ne3 Qc7 17. Qa4 Nd3 18. Qxa6 Nxe1 19. Nxe1 Nc6 20. N1c2 f6 21. Bh3
Qf7 22. f4 fxe5 23. dxe5 d4 24. Qc4 Nxe5 25. Qxe6 Rce8 26. Qxf7+ Nxf7 27. Nf1
Re2 28. Nd2 d3 29. Bf1 Rxd2 30. Bxd2 dxc2 31. Bc3 Bxc3 32. bxc3 Rc8 33. c4 b5
34. Rc1 bxc4 35. Rxc2 Nd6 36. Kf2 Kf7 37. Ke3 Nf5+ 38. Kd2 Nd6 39. Ke3 Nf5+ 40.
Kd2 Nd6 41. Ke3 Nf5+ 42. Kd2 1/2-1/2

[Event "43. Olimpiada Batumi 2018 Femenina"]
[Site "Batumi GEO"]
[Date "2018.10.01"]
[Round "7.4"]
[White "Qin, Joy Shu Yan"]
[Black "Al-Fayyadh, Zainab Asif Abdulah"]
[Result "1-0"]
[WhiteElo "1727"]
[BlackElo "1705"]
[PlyCount "91"]
[EventDate "2018.09.24"]
[EventType "team-swiss"]
[EventRounds "11"]
[EventCountry "GEO"]
[SourceTitle "Ajedrez en Madrid"]
[Source "lmi"]
[SourceDate "2018.09.24"]
[WhiteTeam "New Zealand"]
[BlackTeam "Iraq"]
[WhiteTeamCountry "NZL"]
[BlackTeamCountry "IRQ"]

1. e4 e5 2. Nf3 Nc6 3. Bb5 a6 4. Ba4 Nf6 5. d3 b5 6. Bb3 d6 7. c3 Na5 8. Bc2 c5
9. O-O g6 10. Re1 Bg7 11. Nbd2 O-O 12. Nf1 Nc6 13. Be3 Rb8 14. Qd2 b4 15. Rab1
Be6 16. c4 a5 17. Ba4 Na7 18. Bh6 Nh5 19. h3 Qc8 20. Bxg7 Kxg7 21. Kh2 h6 22.
Ne3 Nf4 23. Ng1 Bd7 24. Bxd7 Qxd7 25. g3 Ne6 26. a3 Nc6 27. Nd5 Ncd4 28. axb4
Ng5 29. Re3 Qxh3+ 30. Nxh3 Ngf3+ 31. Kg2 Nxd2 32. Rd1 N2b3 33. b5 g5 34. g4 Ne6
35. Ng1 Nf4+ 36. Nxf4 gxf4 37. Rh3 Nd4 38. Nf3 Nxb5 39. cxb5 Rxb5 40. Ra1 Ra8
41. Nh4 Rxb2 42. Nf5+ Kg6 43. Rxh6+ Kg5 44. Rah1 Kxg4 45. R1h4+ Kg5 46. Kf3 1-0

[Event "43. Olimpiada Batumi 2018 Femenina"]
[Site "Batumi GEO"]
[Date "2018.10.01"]
[Round "7.1"]
[White "Hazim Gonzalez, Elizabeth"]
[Black "Ravelomanana, Sabine"]
[Result "0-1"]
[WhiteElo "1748"]
[BlackElo "1821"]
[PlyCount "146"]
[EventDate "2018.09.24"]
[EventType "team-swiss"]
[EventRounds "11"]
[EventCountry "GEO"]
[SourceTitle "Ajedrez en Madrid"]
[Source "lmi"]
[SourceDate "2018.09.24"]
[WhiteTeam "Dominican Republic"]
[BlackTeam "Madagascar"]
[WhiteTeamCountry "DOM"]
[BlackTeamCountry "MAD"]

1. e4 e5 2. Nf3 Nc6 3. d4 exd4 4. Nxd4 Qh4 5. Nc3 Bb4 6. Be2 Nge7 7. O-O O-O 8.
Be3 d6 9. Nf3 Qh5 10. Nd4 Qa5 11. Nxc6 bxc6 12. Qd3 f5 13. f3 Be6 14. a3 Bc5
15. Bxc5 Qxc5+ 16. Kh1 f4 17. b4 Qh5 18. Nd1 Rf6 19. Nf2 Rh6 20. Nh3 Rf8 21.
Qd4 Ng6 22. Qg1 Nh4 23. Rf2 Rg6 24. Qf1 Nxg2 25. Bc4 d5 26. exd5 cxd5 27. Bd3
Rh6 28. Qxg2 Bxh3 29. Qg1 Re8 30. Re1 Rhe6 31. Rxe6 Rxe6 32. Qd1 Qe5 33. Re2
Qg5 34. Qg1 Qxg1+ 35. Kxg1 Rxe2 36. Bxe2 Bf5 37. c3 Kf7 38. Kf2 Kf6 39. Bb5 Ke5
40. Ke2 d4 41. cxd4+ Kxd4 42. Kd2 h6 43. h4 Bg6 44. Be2 Bf7 45. Bd1 Bc4 46. Bc2
Bb5 47. Be4 Ba4 48. Bd3 Bb3 49. Be2 Bc4 50. Bd1 Bd3 51. Bb3 Bg6 52. Bd1 Kc4 53.
Ba4 Bh5 54. Bd1 g5 55. hxg5 hxg5 56. Kc2 Be8 57. Be2+ Kd4 58. Kd2 Bc6 59. Bd1
Kc4 60. Be2+ Kb3 61. b5 Bd7 62. Bd3 Kxa3 63. Kc3 Ka4 64. Kd4 Bxb5 65. Be4 Kb4
66. Ke5 Bd7 67. Kf6 g4 68. fxg4 Bxg4 69. Kg5 Bd1 70. Kxf4 a5 71. Ke3 Kc3 72.
Bc6 a4 73. Bxa4 Bxa4 0-1

[Event "43. Olimpiada Batumi 2018 Femenina"]
[Site "Batumi GEO"]
[Date "2018.10.01"]
[Round "7.2"]
[White "Razafindrabiaza, Christine"]
[Black "Diaz Cesar, Wilsaida Pieranlly"]
[Result "0-1"]
[WhiteElo "1668"]
[BlackElo "1815"]
[PlyCount "108"]
[EventDate "2018.09.24"]
[EventType "team-swiss"]
[EventRounds "11"]
[EventCountry "GEO"]
[SourceTitle "Ajedrez en Madrid"]
[Source "lmi"]
[SourceDate "2018.09.24"]
[WhiteTeam "Madagascar"]
[BlackTeam "Dominican Republic"]
[WhiteTeamCountry "MAD"]
[BlackTeamCountry "DOM"]

1. d4 d5 2. Nc3 Nf6 3. Bg5 e6 4. e3 Be7 5. Nf3 Nbd7 6. Bd3 c5 7. O-O O-O 8. b3
b6 9. Qe2 Bb7 10. Ba6 Qc8 11. Bxb7 Qxb7 12. Rac1 Rac8 13. Na4 cxd4 14. Nxd4 Ba3
15. Rb1 a6 16. Nb2 Ne4 17. Qg4 Ne5 18. Qh5 Nd2 19. Rfd1 Nxb1 20. Rxb1 Nc6 21.
Ne2 f6 22. Bh4 Qf7 23. Qg4 b5 24. Nd3 Bd6 25. f4 e5 26. Ng3 f5 27. Qd1 e4 28.
Nc1 Bc5 29. Nf1 d4 30. Bf2 dxe3 31. Bxe3 Rfd8 32. Qe2 Bxe3+ 33. Nxe3 Nd4 34.
Qf2 Qg6 35. Ne2 Nxc2 36. Nf1 Nb4 37. Neg3 Nd3 38. Qe3 Qf6 39. Ne2 Qd6 40. b4
Rc4 41. a3 Rb8 42. Qg3 Qb6+ 43. Ne3 Rcc8 44. h3 h5 45. Kh1 h4 46. Nd5 hxg3 47.
Nxb6 Rxb6 48. Nxg3 g6 49. Kh2 Rbc6 50. Ne2 Kf7 51. Kg3 Rc2 52. Nd4 Rc1 53. Rb3
R8c3 54. a4 bxa4 0-1